00769nam a2200217Ia 4500003000900000008004100009020001800050040001600068080001800084100002800102245008500130260003900215300001500254650003100269650003600300650003100336650002700367942000700394999001700401952013300418IN-BaIIA211028s9999 xx 000 0 eng d a0-486-60590-6 cIIA Library a524.3-64bCHA aChandrasekhar, S.91248 0aRadiative transfercS. Chandrasekhar  aNew YorkbDover Publicationsc1960 axiv, 393p. aIsotopic Scattering912833 aPrinciples of Invariance912834 aQuadrature Formulae912835 aThe H-Functions927578 cBK c15474d15474 00104070aBANbLEHcGENd2003-10-15eANJ g686.20l0o524.3-64/ CHAp16396r2021-11-05v686.20w2003-10-15yBKGRs. 686.20